000 00643nam a2200241 a 4500
001 19254
003 CO-ViMGA
008 141112s2004 ck r 000 u spa d
020 _a8420635715
040 _aCO-ViMGA
_bspa
_cCO-ViMGA
082 0 4 _a290 K435f
100 1 _aKienzler, Klaus
_927658
245 1 0 _aEl Fundamentalismo religioso
260 _aMadrid :
_bAlianza editorial; 2002
300 _a138 p.
490 _aCiencia política
590 _aForma de adquisición : Premio Mincultura
650 1 4 _aCRISTIANISMO
_975
650 1 4 _aFUNDAMENTALISMO
_927659
650 1 4 _aISLAMISMO
_976
650 1 4 _aJUDAISMO
_974
942 _2ddc
_cBK
999 _c3096
_d3096